MDQL
is popping MORE tags! Check the
thread
!
Quizzes
Events
Quiz Creation
Community
Videos
Private Events
Remove Ads
Sign In
Join for FREE
Feedback
Dark Mode
Quiz Categories
Sports
Geography
Music
Movies
Television
Just For Fun
Miscellaneous
History
Literature
Language
Science
Gaming
Entertainment
Religion
Holiday
For Kids
Quiz Lab
Recent
Popular Today
Quiz Kudos Today
Editor Picks
Curator Picks
Quizzes by...
Day
Popularity
Type
Ratings
Length
Year
Community
Subscriptions
Recent Discussions
Orange Saloon
Badges
Playlists
Quests
Create
Leaderboards
Showdown
Live 5
Trivia Bingo
Activity
Puzzle Library
Sporcle Events
Private Events
Virtual Trivia
Globe League
Become a Host
Pub Owners
SporcleCon
Opinionation
Our Games
Videos
Blog
Mobile Apps
Partnerships
Remove Ads and Go Orange
Feedback
Geography
Country
Landmarks
City
State
Population
World
Capital
Continent
Flags
Europe
Africa
Asia
South America
North America
Oceania
Border
Canada
United Kingdom
Topography
United States
Geography
Country
Landmarks
City
State
Population
World
Capital
Continent
Flags
Europe
Africa
Asia
South America
North America
Oceania
Border
Canada
United Kingdom
Topography
United States
Random Quiz
Search Sporcle
×
Quiz Lab
Quiz Lab
Geography
Population
Type in answers that appear in a list
Type in answers that appear in a list
Classic
Best Score? Go Orange.
Top 300 Largest World Cities (Urban Agglomerations) Stats
Can you name the Top 300 Largest World Cities (Urban Agglomerations)
By
stimes19
20m
300 Questions
3,422 Plays
3,422 Plays
3,422 Plays
Comments
Comments
Give Quiz Kudos
Give Quiz Kudos
-
- Ratings
hide this ad
More Info
Replay
Link that replays current quiz
Next Quiz
Link to next quiz in quiz playlist
You Got
0%
They Got
Avg Score
62%
Avg Friend Score
Upgrade to see
Score Distribution
Jump to the score distribution portion of the page
Score
0/300
Timer
20:00
4
Plays Today
Pop. (mil)
City
% Correct
39.4
Tokyo
96.8%
19.9
Beijing
94.1%
29.6
Shanghai
93.9%
21.8
New York City
93.9%
16.7
Moscow
93.7%
14.0
London
93.5%
17.3
Los Angeles
93.4%
11.2
Paris
93.2%
22.2
Mexico City
92.8%
4.0
Tampa
92.8%
25.3
Delhi
92.5%
7.5
San Francisco
92%
16.4
Cairo
92%
22.6
Mumbai
91.6%
12.6
Rio de Janeiro
90.9%
17.8
Osaka
90.9%
6.4
Madrid
90.8%
3.6
Rome
90.5%
9.8
Chicago
90.5%
5.3
St. Petersburg
90.4%
24.2
Seoul
90.3%
14.0
Istanbul
90.2%
6.0
Miami
89.9%
27.0
Jakarta
89.8%
4.4
Berlin
89.8%
6.4
Dallas
89.7%
6.0
Houston
89.6%
15.7
Buenos Aires
89.3%
4.7
Barcelona
89.3%
7.0
Toronto
88.7%
7.3
Boston
88.7%
21.7
Sao Paulo
88.5%
9.2
Bogota
88.2%
4.8
Sydney
87.9%
13.4
Tehran
87.6%
9.8
Lima
87.6%
6.6
Santiago
87.5%
5.1
Milan
87.4%
14.9
Bangkok
87.4%
4.0
Montreal
86.8%
22.5
Manila
86.7%
7.2
Hong Kong
86.6%
4.0
Cape Town
86.6%
3.6
Athens
86.6%
8.8
Johannesburg
86.5%
4.0
Seattle
86.5%
4.5
Ankara
86.4%
32.6
Guangzhou
86.3%
2.5
Vancouver
86.2%
7.3
Philadelphia
86.1%
8.2
Washington
85.7%
6.6
Baghdad
85.5%
3.2
San Diego
85.3%
4.3
Melbourne
85.3%
13.5
Lagos
85%
15.8
Calcutta
84.6%
23.2
Karachi
84.5%
4.2
Phoenix
84.4%
16.7
Dhaka
84.3%
5.6
Detroit
83.8%
5.4
Atlanta
83.7%
3.6
Caracas
83.7%
3.4
Kiev
83.6%
2.9
Hanoi
83%
2.3
Warsaw
82.9%
5.0
Alexandria
82.8%
6.4
Riyadh
82.8%
2.4
Amsterdam
82.7%
3.4
Denver
82.6%
2.1
Munich
82.6%
6.8
Singapore
82.4%
8.1
Saigon
82.4%
2.5
Budapest
82.2%
3.7
Brasilia
81.8%
6.8
Kuala Lumpur
81.7%
2.6
Lisbon
81.5%
2.6
Hamburg
81.4%
3.0
Manchester
81.2%
3.1
Birmingham
81%
5.0
Nairobi
81%
2.1
Vienna
80.8%
2.2
Bucharest
80.7%
3.7
Rawalpindi
80.6%
4.2
Casablanca
80.5%
4.3
Naples
80.4%
3.6
Algiers
79.8%
9.0
Taipei
79.5%
2.3
Dubai
79.3%
10.2
Kinshasa
79.1%
9.7
Lahore
79%
2.8
Pyongyang
78.9%
2.0
Stockholm
78.8%
2.2
Havana
78.5%
3.0
Minneapolis
78.3%
1.8
San Jose
78%
2.5
Tunis
77.6%
3.5
Kabul
77.5%
3.6
Damascus
77.4%
2.0
San Antonio
77.2%
2.5
Tel Aviv
76.5%
Pop. (mil)
City
% Correct
10.0
Bangalore
76.3%
2.0
Brussels
76.3%
4.2
Busan
76.1%
3.0
Dakar
76.1%
3.3
Addis Ababa
75.6%
4.9
Guadalajara
75.1%
3.1
Cleveland
74.6%
2.3
Portland
74.6%
7.2
Wuhan
74.3%
2.0
Perth
74.2%
5.4
Khartoum
74%
2.4
St. Louis
73.9%
6.6
Xi'an
73.5%
2.0
Las Vegas
73.5%
9.7
Madras
73.4%
2.9
Pretoria
73.4%
1.8
Quito
73.1%
3.0
Orlando
73%
1.9
Minsk
72.8%
2.8
Brisbane
72.8%
4.4
Accra
72.7%
2.1
Rabat
72.6%
4.9
The Ruhr
72.5%
8.7
Hyderabad
71.5%
2.3
Hyderabad
71.5%
3.2
Durban
71.3%
4.5
Monterrey
71%
2.6
Frankfurt
70.9%
1.8
Mecca
70.9%
10.9
Tientsin
70.6%
1.7
Cologne
70.4%
5.5
Luanda
70.4%
10.4
Nagoya
70.3%
3.6
Santo Domingo
70.3%
3.3
Amman
70.2%
12.1
Shenzhen
70.1%
3.7
Medellin
70%
2.0
Valencia
69.9%
1.8
Valencia
69.9%
1.8
La Paz
69.8%
3.1
Rotterdam
69.7%
1.9
Indianapolis
69.4%
2.5
Sapporo
69.4%
4.2
Yangon
69.3%
2.1
Pittsburgh
69.1%
2.7
Cincinnati
69%
2.4
Sana'a
69%
1.9
Kansas City
68.8%
2.2
Charlotte
68.7%
4.9
Belo Horizonte
68.5%
1.8
Montevideo
68.1%
3.0
Guatemala City
67.8%
5.0
Dar es Salaam
67.5%
2.7
Port-au-Prince
67.1%
4.1
Jeddah
67%
4.0
Kuwait City
66.3%
1.9
Lyon
66.3%
2.4
Baku
65.8%
3.8
Recife
65.7%
3.7
Salvador
65.7%
2.1
Leeds
65.5%
4.6
Colombo
65.1%
1.8
Liverpool
65.1%
8.9
Chengdu
65%
4.4
Chittagong
64.9%
2.9
Izmir
64.9%
5.9
Pune
64.6%
2.3
Harare
64.2%
6.8
Chongqing
64.1%
2.5
Asuncion
64.1%
2.6
Tashkent
64%
1.7
Abuja
64%
3.0
Aleppo
63.5%
4.9
Abidjan
63.4%
7.2
Ahmedabad
63.4%
4.1
Porto Alegre
63.3%
2.9
Cali
62.9%
6.6
Nanjing
62.8%
1.9
Tijuana
62.7%
1.8
Brazzaville
62.5%
1.9
Hiroshima
62.2%
2.0
Sacramento
61.7%
5.0
Harbin
61.5%
2.1
Maputo
60.8%
4.0
Kano
60.6%
2.3
Kampala
60.5%
3.6
Fortaleza
60.1%
2.2
Lusaka
60.1%
1.9
Stuttgart
59.7%
4.6
Surabaya
58.7%
2.6
Yaounde
58.6%
2.8
Kathmandu
58.6%
2.8
Bamako
57.7%
1.9
Doha
57.5%
2.1
Manaus
57.4%
5.8
Bandung
57%
2.6
Fukuoka
56.4%
7.5
Hangzhou
56.1%
3.4
Jaipur
56%
2.4
Antananarivo
55.7%
Pop. (mil)
City
% Correct
2.7
Guayaquil
55.3%
1.9
San Salvador
54.7%
7.5
Shenyang
54.6%
3.4
Medan
54%
2.2
Cebu
53.7%
4.5
Tsingtao
53.7%
2.2
San Juan
53.4%
5.4
Surat
53.1%
1.7
Almaty
52.9%
2.3
Salt Lake City
52.3%
3.2
Lucknow
51.4%
2.0
Agra
51.2%
4.9
Xiamen
50.8%
3.8
Faisalabad
50.4%
3.0
Ibadan
50.2%
2.4
Katowice
50.2%
2.1
Belem
50.1%
2.1
Conakry
50.1%
2.8
Daegu
49.8%
2.7
Douala
49.1%
3.3
Curitiba
48.9%
3.8
Fuzhou
48.9%
2.7
Esfahan
48.9%
2.9
Puebla
48.6%
3.0
Mashhad
48.3%
3.5
Urumqi
47.2%
2.5
Maracaibo
46.5%
2.0
Ouagadougou
45.3%
1.9
Bursa
45%
1.8
Santa Cruz
44.9%
1.9
Port Harcourt
43.4%
3.8
Kunming
42.7%
3.2
Kanpur
41.8%
1.8
Nizhny Novgorod
41.7%
3.0
Nagpur
41.6%
4.2
Changsha
41.4%
3.1
Nanning
41.4%
4.7
Zhengzhou
40.9%
3.2
Wuxi
40.3%
2.0
Barranquilla
39.4%
3.0
Campinas
39.3%
4.3
Hefei
38.7%
2.1
Bhopal
38.4%
3.8
Jinan
38.4%
5.4
Shantou
38%
3.7
Changchun
37.6%
2.7
Indore
36.8%
2.5
Kumasi
36.7%
1.8
Lubumbashi
36.6%
1.8
Peshawar
36.1%
2.8
Gaoxiong
35.6%
4.7
Wenzhou
35.5%
3.2
Zibo
34.9%
2.4
Patna
34.5%
3.0
Ningbo
34%
1.7
Gaza
33.5%
2.3
Dammam
33.3%
4.0
Taiyuan
33.2%
2.7
Lanzhou
33%
2.2
Goiania
31.7%
3.0
Nanchang
31.6%
2.4
Coimbatore
29.3%
2.1
Multan
28.9%
3.8
Shijiazhuang
28.4%
2.3
Taizhong
28.3%
2.5
Anshan
27.3%
1.7
Hartford
26.9%
2.6
Changzhou
26.7%
2.0
Semarang
26.7%
4.1
Quanzhou
26.7%
2.2
Toluca
26.6%
2.8
Guiyang
26.4%
1.8
Mbuji-Mayi
26.3%
1.7
Kaduna
26%
1.7
Benares
26%
1.7
Makassar
25.1%
2.4
Gujranwala
24.5%
2.2
Okayama
23.9%
2.3
Tangshan
23.7%
2.1
Baotou
23.4%
2.1
Kitakyushu
22.9%
2.4
Bhilai
22.9%
2.0
Vadodara
22.7%
2.5
Xuzhou
22.2%
2.0
Yantai
21.9%
2.0
Chandigarh
21.5%
1.8
Ludhiana
21.4%
2.0
Cixi
21.1%
1.7
Luoyang
19.9%
2.7
Huizhou
19.8%
1.8
Vitoria
19.4%
1.7
Yangzhou
17.5%
2.0
Taizhou
17.4%
1.8
Liuzhou
16.6%
1.9
Vishakhapatnam
15.4%
1.8
Daqing
15.1%
1.8
Nasik
13.7%
1.8
Huai'an
13.7%
4.3
Dairen
13.5%
2.6
Jiangyin
9.2%
Quiz Playlist
Details
Report
Send in Message
Add To Playlist
More Info:
Source - http://www.citypopulation.de/world/Agglomerations.html
Classic:
Type in answers that appear in a list
Quiz Source
Last Updated: Dec 31, 2018
Quiz Scoreboard
CHALLENGE
Sign Up to Join the Scoreboard
Show All
Scores
Hide
Comments
May contain spoilers
Recently Published
1-10 Letter E Words III
by El_Dandy
Language
2m
Street Fighter Characters
by Artimus82
Gaming
60s
College Basketball Coaching Resumes
by pancakes188
Sports
9m
More to Explore
Quiz From the Vault
Featured Blog Post
Where Did the Easter Bunny Come From?
hide this ad
You Might Also Like...
Tags
City Quiz
Population Quiz
World Quiz
Global Cities
Highest Population
Largest Population
Populous City
Populous Metro
World Cities
World Largest
Today's Top Quizzes in Geography
Browse Geography
hide this ad
Today's Top Quizzes in Population
Browse Population
Top Contributed Quizzes in Geography
1
Countries of the World - No Outlines Minefield
2
Top 25 Cities of France on a map
3
Any capital of a 'B' country per Continent
4
Any capital of a 'C' country per Continent
5
Closest Countries to UK A-Z
6
Any capital of a 'D' country per Continent
7
5-to-1: US Geography No Hints
8
Any capital of an 'E' country per Continent
9
Find the US States - No Outlines
10
Any capital of an 'F' country per Continent
Explore More
Trending Topics
Disney
Harry Potter
NBA
Anime
Kpop
Crossword
Marvel
Soccer
Country
Pokémon
WWE
The Office
Puzzle
Song
NFL
hide this ad
More By:
stimes19
Quiz
Plays
Rating
Category
Featured
Created
State Capital Logic Puzzle
8,463
3.92
Geography
Mar 20, 2013
Top 300 Largest World Cities
7,003
3.44
Geography
Sep 1, 2014
Name As Many TV Shows As You Can
3,450
2.20
Entertainment
Feb 12, 2013
Top 300 Largest World Cities (Urban Agglomerations)
3,422
4.79
Geography
Sep 6, 2014
100 TV Theme Songs (Audio Clips)
2,573
3.73
Television
Jan 25, 2013
Go to Creator's Profile
Score Distribution
Quiz Creator Spotlight
stimes19
Follow
Send a Message
Quizzes Created
-
Created Quiz Play Count
-
More By This Creator
Popular Quizzes Today
1
Find the US States - No Outlines Minefield
2
Find the Countries of Europe - No Outlines Minefield
3
The Countries of the World
4
Find the US States
5
Risky Map Clicking: Biggest States A-Z
6
US States
7
Popular People in 1961
8
Movies - When Are They Set?
More Geography Quizzes
Graphic Grid: Asia by Flag
Published
Trending Quizzes
Risky Map Clicking: Least Populous States A-Z
Billboard Blitz: Aretha Franklin
Famous Russians: Author or Composer?
Countries of the World: 200 Million BC
1-10 Letter G Words
Recently Updated
Leaping Animals
pecheneg
Reality TV Shows (A-Z)
bhenderson79
Rickey Henderson's Hall of Fame Teammates
pecheneg
Champions League XIs: Arsenal
pecheneg
Quick Pick: Celebrities in WWE's Hall of Fame
aduchscher
A-Z Keypad Blitz II
pecheneg
Multiple Oscar Actors
pecheneg
Mystery Phrase Blitz: Oscar 'Best Actors'
pecheneg
F. Scott Fitzgerald Novels
LTH
Pick 3 Villains
ddd62291
Trending Topics
Kpop
Crossword
NBA
Harry Potter
Marvel
Anime
Disney
The Office
WWE
Pokémon
Soccer
NFL
Song
Puzzle
Country
Your Account Isn't Verified!
In order to create a playlist on Sporcle, you need to verify the email address you used during registration. Go to your
Sporcle Settings
to finish the process.
Report this User
Report this user for behavior that violates our
Community Guidelines
.
Details:
Send Report
Go to the Sporcle.com Mobile Site →
Comments